| 000 | 01039cam a2200229 4500 | ||
|---|---|---|---|
| 001 | ##L134565 | ||
| 008 | 060816n2006 000 0 eng u | ||
| 035 | _a(Sirsi) u134565 | ||
| 041 | 0 | _aeng | |
| 050 | 0 | 4 | _a333.33 $2 18 |
| 110 | 2 |
_aCB Richard Ellis _93675 |
|
| 245 | 0 | 0 |
_aCBRE global market rents _bMay 2006 |
| 260 |
_aLondon _bCBRE _c2006 |
||
| 490 | 0 | _aCB Richard Ellis Global Market Rents | |
| 505 | 2 | _aDispatches -- Global 50 index -- Asia Pacific -- Latin America and the Caribbean -- United States and Canada -- Europe, Middle East and Africa -- Terms and definitions | |
| 520 | _aReports office rents and occupancy costs worldwide. Reviews each region's economic situation and outlook, and provides snapshots of the office market in each region and its key cities. Tables. | ||
| 650 | 2 | 4 | _aCB RICHARD ELLIS GLOBAL MARKET RENTS INDEX |
| 651 | 4 | _aInternational | |
| 690 | _aPROPERTY-COMMERCIAL PROPERTY-OFFICE PROPERTY | ||
| 856 | 4 | 0 |
_uhttps://www.cbre.com/ _zView the item free of charge at www.cbre.com... |
| 942 | _n0 | ||
| 999 |
_c105731 _d105731 |
||